| 000 | 02118cam a22005054i 4500 | ||
|---|---|---|---|
| 003 | PE-LiUPU | ||
| 005 | 20250731184528.0 | ||
| 008 | 150623s r 000 0 d | ||
| 020 | _a0521447828 | ||
| 035 | _a(Sirsi) i9780521447829 | ||
| 040 |
_aPE-LiUPU _bspa _cPE-LiUPU _erda |
||
| 049 | _aPRUA | ||
| 082 | 0 | 4 |
_a956.9402 _bG72 _221 |
| 100 | 1 |
_aGoodman, Martin, _d1953-, _eautor. |
|
| 245 | 1 | 4 |
_aThe ruling class of Judea : _bthe origins of the Jewish revolt against Rome A.D. 66-70 / _cMartin Goodman. |
| 264 | 1 |
_aCambridge : _bUniversity Press, _c1995. |
|
| 300 |
_a263 páginas ; _c23 centímetros |
||
| 336 |
_atext _2rdacontent |
||
| 337 |
_aunmediated _2rdamedia |
||
| 338 |
_avolume _2rdacarrier |
||
| 504 | _aIncluye bibliografía. | ||
| 505 | 0 | _aIntroduction. -The ruling class A.D: 6-66: The new ruling class A.D. 6. -Problems facing the ruling class: economic and social. -Problems facing the ruling class: religious ideology. -Why the ruling class failed. -Faction struggle within the ruling class: Reactions to failure: the ruling class A.D. 6-66. -The outbreak of revolt. -The independent Jewish state A.D. 67-70. -Trends in faction politics A.D. 50-70. -The aftermath of the revolt: the Roman reaction. | |
| 526 | _aP136 | ||
| 526 | _aP135 | ||
| 526 | _aP134 | ||
| 526 | _aP133 | ||
| 526 | _aP144 | ||
| 526 | _aP143 | ||
| 526 | _aP87 | ||
| 526 | _aP35 | ||
| 526 | _aP20 | ||
| 526 | _aP14 | ||
| 526 | _aP10 | ||
| 526 | _aP06 | ||
| 650 | 0 | 4 |
_aJudios _xHistoria _y168 aC-135 A.D. |
| 650 | 0 | 4 |
_aJudios _xHistoria _yRebelión, 66-73 _cCausas. |
| 650 | 0 | 4 |
_aJudios _xPolítica y gobierno _yA 70 A.D. |
| 650 | 0 | 4 |
_aLiderazgo político _zPalestina _xHistoria. |
| 942 |
_2ddc _cBOOK |
||
| 949 |
_a956.9402 G72 _wDEWEY _c1 _i44664 _lCCODEBUL1 _mBUL _r0 _sY _tBOOK _u2015-6-24 _xTEOLOGIA _PP35 _0COMPRA _o.STAFF. Colección General |
||
| 994 |
_aC0 _bPEPRU |
||
| 596 | _a1 | ||
| 999 |
_a956.9402 G72 _wDEWEY _c21525 _i44664 _f2021-11-12 _g5 _lCCODEBUL1 _mBUL _r0 _sY _tBOOK _u2015-6-24 _xTEOLOGIA _PP35 _0COMPRA _o.STAFF. Colección General _d21525 |
||
| 980 |
_81 _gALBERTO SANCHEZ Responsable de Automatización |
||